| Tag |
First Indicator |
Second Indicator |
Subfields |
| LEADER |
00000cam a2200000 4500 |
| 001 |
in00000476621 |
| 005 |
20151012172817.0 |
| 008 |
751210s1946 ii a 00100 engm |
| 010 |
|
|
|a 53027804
|
| 035 |
|
|
|a (OCoLC)01889028
|
| 035 |
|
|
|9 ACA2001AM
|
| 040 |
|
|
|a DLC
|c TXA
|d UtOrBLW
|
| 049 |
|
|
|a TXAM
|c [1208317]
|
| 050 |
0 |
0 |
|a N7307.B4
|b M6 1946
|
| 082 |
0 |
|
|a 745
|
| 100 |
1 |
|
|a Mookerjee, Ajit.
|
| 245 |
1 |
0 |
|a Folk art of Bengal :
|b a study of an art for, and of, the people /
|c With a foreword by Sir William Rothenstein.
|
| 250 |
|
|
|a [New and rev. ed.
|
| 264 |
|
1 |
|a Calcutta] :
|b University of Calcutta,
|c 1946.
|
| 300 |
|
|
|a 70, xli pages :
|b illustrations, map. ;
|c 26 cm.
|
| 336 |
|
|
|a text
|b txt
|2 rdacontent
|
| 337 |
|
|
|a unmediated
|b n
|2 rdamedia
|
| 338 |
|
|
|a volume
|b nc
|2 rdacarrier
|
| 504 |
|
|
|a Bibliography: pages [51]-55.
|
| 650 |
|
0 |
|a Folk art
|z India
|z Bengal.
|
| 999 |
|
|
|a MARS
|
| 999 |
f |
f |
|s 44748fce-e2da-3e3d-ad07-cdca555a7343
|i 9a01b313-9765-3517-bee3-4ce5407b271a
|t 0
|
| 952 |
f |
f |
|p normal
|a Texas A&M University
|b College Station
|c Sterling C. Evans Library
|d Evans: Library Stacks
|t 0
|e N7307.B4 M6 1946
|h Library of Congress classification
|i unmediated -- volume
|m A14803398530
|
| 998 |
f |
f |
|a N7307.B4 M6 1946
|t 0
|l Evans: Library Stacks
|